| 000 -ლიდერი |
| ფიქსირებული სიგრძის საკონტროლო ველი |
02171nam a22002297a 4500 |
| 003 - საკონტროლო ნომრის იდენტიფიკატორი |
| საკონტროლო ველი |
Ge_BSU |
| 005 - ბოლო ოპერაციის თარიღი და დრო |
| საკონტროლო ველი |
20210604133243.0 |
| 008 - ფიქსირებული სიგრძის მონაცემთა ელემენტები - ზოგადი ინფორმაცია |
| ფიქსირებული სიგრძის საკონტროლო ველი |
210604s2018 ge ||||| |||| 00| 0 geo d |
| 041 ## - ენის კოდი |
| Language code of text/sound track or separate title |
geo |
| 080 ## - უნივერსალური ათობითი კლასიფიკაციის ინდექსი |
| Universal Decimal Classification number |
53 მ-43 |
| 100 ## - მთავარი ჩანაწერი - პიროვნების სახელი |
| Personal name |
მახარაძე, კახა |
| 9 (RLIN) |
11962 |
| 245 ## - ცნობა სათაურის შესახებ |
| Title |
მრავალჯერად გაბნეული ელექტრომაგნიტური ტალღების სტატისტიკური მახასიათებლების შესწავლა ტროპოსფეროს სიმაღლეზე / |
| Statement of responsibility, etc |
კახა მახარაძე; სამეცნიერო ხელმძღვანელი ნუგზარ ღომიძე; ბათუმის შოთა რუსთაველის სახელმწიფო უნივერსიტეტი. ფიზიკა მათემატიკისა და კომპიუტერულ მეცნიერებატა ფაკულტეტი. ფიზიკის დეპარტამენტი. |
| 264 ## - წარმოების, გამოცემის, დისტრიბუციის და სხვა ცნობები |
| გამოცემის, წარმოების, დისტრიბუციის... ადგილი |
ბათუმი, |
| გამოცემის, წარმოების, დისტრიბუციის... თარიღი |
2018. |
| 300 ## - ფიზიკური აღწერა |
| Extent |
122 გვ. |
| Other physical details |
30 სმ. |
| 504 ## - BIBLIOGRAPHY, ETC. NOTE |
| Bibliography, etc |
ბიბლიოგრ. გვ.117-122 |
| 653 ## - INDEX TERM--UNCONTROLLED |
| Uncontrolled term |
მრავალჯერად გაბნეული ელექტრომაგნიტური ტალღების სტატისტიკური მახასიათებლების შესწავლა ტროპოსფეროს სიმაღლეზე |
| 653 ## - INDEX TERM--UNCONTROLLED |
| Uncontrolled term |
ფიზიკა |
| 653 ## - INDEX TERM--UNCONTROLLED |
| Uncontrolled term |
დისერტაცია |
| 700 ## - ADDED ENTRY--PERSONAL NAME |
| Personal name |
ღომიძე, ნუგზარ |
| Relator term |
სამეცნიერო ხელმძღვანელი |
| 9 (RLIN) |
1751 |
| 710 ## - ADDED ENTRY--CORPORATE NAME |
| Corporate name or jurisdiction name as entry element |
ბათუმის შოთა რუსთაველის სახელმწიფო უნივერსიტეტი. |
| Subordinate unit |
ფიზიკა მათემატიკისა და კომპიუტერულ მეცნიერებატა ფაკულტეტი. ფიზიკის დეპარტამენტი. |
| 9 (RLIN) |
11963 |
| 942 ## - ADDED ENTRY ELEMENTS (KOHA) |
| Source of classification or shelving scheme |
|
| Koha item type |
წიგნი |